00866nam a2200265 i 450000100060000000300090000600500170001500700030003200800410003502000180007604000220009408000260011608000250014210000250016724500820019226000310027430000280030549000510033350400400038460000490042465000200047371000490049383000250054285200330056766481ES-MaACL20250823110734.0t|030108s2002 sp ||||0| spa d a84-89457-27-1 aM-BN bspa cM-BN a929 Bretón, Tomás a78 Bretón, Tomás1 aSánchez, Víctor.10aTomás Bretón b: un músico de la Restauración / cVíctor Sánchez. aMadrid : bICCMU, c[2002] a525 p : bil ; c24 cm.1 aMúsica hispana. Textos nBiografías ; v13 aBibliografía: p. 499-504. Indice.14aBretón, Tomás,d1850-1923-vBiografías17aZarzuela2embne2 aInstituto Complutense de Ciencias Musicales.00aMúsica hispanav13 aES-MaACLjL-26946 bR.132522